Tous les charmes d'Hollow Knight - Statistiques

Statistiques générales
  • Ce quiz a été pris 224 fois
  • Le résultat moyen est 20 sur 42
Statistiques - réponses
Par images Réponse % Correct
Boussole Murmurante
92%
Stalwart Shell
70%
Longue-Lame
69%
Force Fragile
68%
Fureur des disparus
68%
Soul Catcher
67%
Dashmaster
65%
Marque de respect
64%
Shaman Stone
64%
Entaille rapide
61%
Carapace de Baldur
60%
Canalisation Rapide
57%
Bénédiction de Joni
53%
Sang de ruche
53%
Chant des larve
52%
Coeur du vide
52%
Coeur Fragile
52%
Ecu du défenseur
51%
Roc Solide
51%
Avarice Fragile
50%
Champi-spore
48%
Gathering Swarm
47%
Maître de la vitesse
47%
L'héritier de Grimm
43%
Ombre tranchante
42%
Canalisation Intense
41%
Nid de Flukes
41%
Soul Eater
41%
Coup Puissant
40%
Bouclier Ethéré
39%
Forme d'Unn
38%
Chant du tisserand
35%
Epines d'agonies
33%
Tourmenteur d'âme
32%
Coeur sang de vie
30%
Ventre Rutilant
30%
Larve-mouche élégie
26%
Noyau sang de vie
23%
Gloire du maître d'aiguillons
20%
Mélodie insouciante
20%
Kingsoul
14%
Porteur de Rêves
14%
Aucun quiz correspondant
Distribution des résultats
% des personnes avec chaque résultat
Percentile par nombre de réponses
Votre historique - résultats
Vous n’avez pas pris ce quiz